| 000 | 03391nas1a22006011i 4500 | ||
|---|---|---|---|
| 001 | RU\NLR\INFOCOMM_14\5000035376 | ||
| 005 | 20260406104433.0 | ||
| 011 | _a0202-179X | ||
| 035 | _a(NLR Aleph) 003737517 | ||
| 090 |
_a2890615 _c2890615 |
||
| 100 | _a20060403a19929999|||y0rusy50 ba | ||
| 101 | 0 | _aeng | |
| 102 | _aRU | ||
| 110 | _aayuz|||0|y| | ||
| 200 | 1 |
_aThe Russian economic barometer _eMarket situation tests, estimates, forecasts |
|
| 210 |
_aM. _d1992- |
||
| 300 | _aС vol. 9 (2000) в каждом выпуске печатаются указатели к предыдущим томам | ||
| 531 | _aREB | ||
| 712 | 0 | 2 |
_4570 _8eng _aInstitute of world economy and international relations _cMoscow _7ba _3RU\NLR\AUTH\883074 _9277293 |
| 712 | 0 | 2 |
_4570 _7ba _8eng _aPrimakov institute of world economy and international relations _cMoscow _9500142 _3RU\NLR\AUTH\880417525 |
| 712 | 0 | 2 |
_4570 _7ba _8eng _aPrimakov national research institute of world economy and international relations _cMoscow _9542934 _3RU\NLR\AUTH\880439368 |
| 712 | 0 | 2 |
_4570 _7ba _8eng _aPrimakov national research institute of world economy and international relations _bCentre for research in transitional economy _cMoscow _9786991 _3RU\NLR\AUTH\880559840 |
| 801 | 1 |
_aRU _bInfoComm _c20060403 |
|
| 801 | 0 |
_aRU _bNLR _gPSBO |
|
| 801 | 2 |
_aRU _bNLR _c20090611 _2rusmarc |
|
| 852 |
_aNLR _jP22/5369 |
||
| 942 | _cJOURNAL | ||
| 980 | _aINPER | ||